Текст томруулах:    
The Micro Economy Today (Бичлэгийн дугаар. 146125)
000 -УДИРДЛАГА
Удирдлага 02975 a2200649 4500
003 - ХЯНАЛТЫН ТОО ТОДОРХОЙЛОГЧ
Код MN-UlNUM
005 - БИЧИЛТ ХИЙСЭН ОГНОО
Тухайн бичилтийг бичсэн засварласан сүүлийн огноо 20260107204336.0
008 - ЕРӨНХИЙ МЭДЭЭЛЭЛ
Ерөнхий мэдээлэл 110605s2008 mauab 001 0 eng
020 ## - ISBN
ISBN 9780073287119
-- 0073287113
040 ## - БИЧЛЭГ ҮҮСГЭГЧ БАЙГУУЛЛАГА
Бичлэг үүсгэгч номын сангийн код МУИС-ийн номын сан
084 ## - ББК АНГИЛАЛ
ББК ангилал 65.012.1
Зохиогчийн гурван тэмдэгт S 32
Нэмэлт тусгалт Сурах бичиг
Мэдлэгийн ялгаа 65 - Эдийн засаг
100 1# - ЗОХИОГЧ
Зохиогчийн нэр Schiller, Bradley R.
Зохиогчийн огноо 1943-
245 14 - ҮНДСЭН ГАРЧИГ
Номын нэр The Micro Economy Today
Оролцогчдын тухай мэдээ Bradley R. Schiller.
250 ## - ДАХИН ХЭВЛЭЛТ
Дахин гаралтын дугаар 11th ed.
260 ## - ГАРАЛТЫН МЭДЭЭ
Хэвлэгдсэн газар Boston
Хэвлэлийн газар McGraw-Hill Irwin
Хэвлэгдсэн он 2008
300 ## - МАТЕРИАЛЫН ТОДОРХОЙЛОЛТ
хуудасны тоо 1 v. (various pagings)
Бусад тоон мэдээлэл ill. (some col.), maps
Хэмжээ 28 cm
500 ## - Тайлбар
Дансны дугаар БС 6081
505 ## - Агуулгын тэмдэглэгээ
Агуулгын тэмдэглэгээ Brad Schiller's text, The Microeconomy Today, 9/e, is noted for its three great strengths: readability, policy orientation, and pedagogy. His accessible writing style engages students and brings some of the excitement of domestic and global economic news into the classroom. Schiller emphasizes how policymakers must choose between government intervention and market reliance to resolve the core issues of what, how, and for whom to produce. This strategic choice is highlighted throughout the full range of micro, macro, and international issues. Every chapter ends with a policy issue that emphasizes the markets vs. government dilemma. And Schiller packs his chapters with the facts of economic life-real stories, not fables. This is a book that teaches economics in a relevant context and with careful pedagogy. Schiller 9e is for students motivated by real-world policy issues who want to become economically literate. This is a book students actually READ. Schiller is also known for its cutting-edge and current coverage of today’s issues.
546 ## - ХЭЛНИЙ ТУХАЙ МЭДЭЭ
Хэл Англи хэл дээр,
653 ## - Түлхүүр үг
Түлхүүр үг economics
653 ## - Түлхүүр үг
Түлхүүр үг microeconomics
653 ## - Түлхүүр үг
Түлхүүр үг product market
653 ## - Түлхүүр үг
Түлхүүр үг taxes
653 ## - Түлхүүр үг
Түлхүүр үг international trade
740 ## - НОМЫН ГАРЧИГ
Гарчиг The Economic Challenge
740 ## - НОМЫН ГАРЧИГ
Гарчиг Economics: The Core Issues
740 ## - НОМЫН ГАРЧИГ
Гарчиг The U.S. Economy: A Global View
740 ## - НОМЫН ГАРЧИГ
Гарчиг Supply and Demand
740 ## - НОМЫН ГАРЧИГ
Гарчиг The Public Sector
740 ## - НОМЫН ГАРЧИГ
Гарчиг Measuring Macro Outcomes
740 ## - НОМЫН ГАРЧИГ
Гарчиг National-Income Accounting
740 ## - НОМЫН ГАРЧИГ
Гарчиг Unemployment
740 ## - НОМЫН ГАРЧИГ
Гарчиг Inflation
740 ## - НОМЫН ГАРЧИГ
Гарчиг Cyclical Instability
740 ## - НОМЫН ГАРЧИГ
Гарчиг The Business Cycle
740 ## - НОМЫН ГАРЧИГ
Гарчиг Aggregate Demand
740 ## - НОМЫН ГАРЧИГ
Гарчиг Self-Adjustment or Instability?
740 ## - НОМЫН ГАРЧИГ
Гарчиг Fiscal Policy Levers
740 ## - НОМЫН ГАРЧИГ
Гарчиг Fiscal Policy
740 ## - НОМЫН ГАРЧИГ
Гарчиг Deficits, Surpluses, and Debt
740 ## - НОМЫН ГАРЧИГ
Гарчиг Monetary Policy Options
740 ## - НОМЫН ГАРЧИГ
Гарчиг Money and Banks
740 ## - НОМЫН ГАРЧИГ
Гарчиг The Federal Reserve System
740 ## - НОМЫН ГАРЧИГ
Гарчиг Monetary Policy
740 ## - НОМЫН ГАРЧИГ
Гарчиг Supply-Side Options
740 ## - НОМЫН ГАРЧИГ
Гарчиг Supply-Side Policy: Short-run Options
740 ## - НОМЫН ГАРЧИГ
Гарчиг Growth and Productivity: Long-run Possibilities
740 ## - НОМЫН ГАРЧИГ
Гарчиг Policy Constraints
740 ## - НОМЫН ГАРЧИГ
Гарчиг Global Macro
740 ## - НОМЫН ГАРЧИГ
Гарчиг Theory versus Reality
740 ## - НОМЫН ГАРЧИГ
Гарчиг International Economics
740 ## - НОМЫН ГАРЧИГ
Гарчиг International trade
740 ## - НОМЫН ГАРЧИГ
Гарчиг International Finance
740 ## - НОМЫН ГАРЧИГ
Гарчиг Global Poverty
942 ## - ЭЛЕМЕНТИЙН ТӨРӨЛ
Зүйлийн төрөл Ном